They meet the Master : (Record no. 3462)

MARC details
000 -LEADER
fixed length control field 00867cam a2200265 i 4500
001 - CONTROL NUMBER
control field 4173884
003 - CONTROL NUMBER IDENTIFIER
control field GBCCL
005 - DATE AND TIME OF LATEST TRANSACTION
control field 20241126110455.0
008 - FIXED-LENGTH DATA ELEMENTS--GENERAL INFORMATION
fixed length control field 790228t19791973njua b 000 0 eng
010 ## -
-- 79063273
020 ## - INTERNATIONAL STANDARD BOOK NUMBER
International Standard Book Number 0800710371 :
Terms of availability $3.95
040 ## - CATALOGING SOURCE
Original cataloging agency DLC
Transcribing agency DLC
Modifying agency DLC
050 10 -
-- BV3793
-- .C63 1979
082 00 - DEWEY DECIMAL CLASSIFICATION NUMBER
Classification number 269.2
Item number COL
100 1# - MAIN ENTRY--PERSONAL NAME
Personal name Coleman, Robert E.,
Dates associated with a name 1928-
9 (RLIN) 5423
245 10 - TITLE STATEMENT
Title They meet the Master :
Remainder of title a study manual on the personal evangelism of Jesus /
Statement of responsibility, etc. Robert E. Coleman ; graphic design by Paul Lewis.
250 ## - EDITION STATEMENT
Edition statement Rev. ed.
260 ## - PUBLICATION, DISTRIBUTION, ETC.
Place of publication, distribution, etc. Old Tappan, N.J. :
Name of publisher, distributor, etc. Revell,
Date of publication, distribution, etc. [1979] c1973.
300 ## - PHYSICAL DESCRIPTION
Extent 150 p. :
Other physical details ill. ;
Dimensions 18 cm.
504 ## - BIBLIOGRAPHY, ETC. NOTE
Bibliography, etc. note Bibliography: p. [145]-150.
600 00 - SUBJECT ADDED ENTRY--PERSONAL NAME
Personal name Jesus Christ
General subdivision Person and offices.
9 (RLIN) 268
650 #0 - SUBJECT ADDED ENTRY--TOPICAL TERM
Topical term or geographic name entry element Evangelistic work.
9 (RLIN) 290
906 ## - LOCAL DATA ELEMENT F, LDF (RLIN)
a 7
b cbc
c orignew
d 1
e opcn
f 19
g y-gencatlg
942 ## - ADDED ENTRY ELEMENTS (KOHA)
Source of classification or shelving scheme Dewey Decimal Classification
Koha item type Books
Holdings
Withdrawn status Lost status Source of classification or shelving scheme Damaged status Not for loan Home library Current Library Shelving location Date acquired Total checkouts Full call number Barcode Date last seen Copy number Price effective from Koha item type
    Dewey Decimal Classification     GRACE BIBLE COLLEGE GRACE BIBLE COLLEGE Ministry & Mission 2017-11-28   269.2 COL 001713 2025-05-01 c.1 2017-11-28 Books
    Dewey Decimal Classification     GRACE BIBLE COLLEGE GRACE BIBLE COLLEGE Ministry & Mission 2018-04-02   269.2 COL 001714 2025-05-01 c.2 2018-04-02 Books
© Grace Bible College Library 2025